ভাষা
English
Deutsch
Español
Français
Italiano
日本語
Nederlands
Português
Português (Brasil)
中文(简体)
中文(繁體)
Türkçe
עברית
Gaeilge
Cymraeg
Ελληνικά
Català
Euskara
Русский
Čeština
Suomi
Svenska
polski
Dansk
slovenščina
اللغة العربية
বাংলা
Galego
Tiếng Việt
Hrvatski
हिंदी
Հայերէն
Українська
সমস্ত ক্ষেত্রসমূহ
আখ্যা
লেখক
বিষয়
আইসবিএন/আইএসএসএন
ট্যাগ
শনাক্তকারী
অনুসন্ধান
বিস্তৃত
№ 8-12; Химическая промышленно...
সাইট করুন
এই পাঠটি
এই ই-মেইলটি
মুদ্রণ
নথি এক্সপোর্ট করুন
এক্সপোর্ট করুন RefWorks
এক্সপোর্ট করুন EndNoteWeb
এক্সপোর্ট করুন EndNote
স্থায়ী লিঙ্ক
এক্সপোর্ট সম্পূর্ন হয়েছে —
№ 8-12; Химическая промышленность
গ্রন্থ-পঞ্জীর বিবরন
Parent link:
Химическая промышленность: научно-технический журнал/ Орган Министерства химической промышленности СССР. № 8-12.— , 1944-2006.— 0023-110X
ভাষা:
রুশ
প্রকাশিত:
1973
বিন্যাস:
MixedMaterials
গ্রন্থ
KOHA link:
https://koha.lib.tpu.ru/cgi-bin/koha/opac-detail.pl?biblionumber=465773
হোল্ডিংস
বিবরন
অনুরূপ উপাদানগুলি
স্টাফেদের বিবরণ দেখুন
MARC
LEADER
00000nam2a2200000 4500
001
465773
005
20231101090422.0
035
|a
(RuTPU)RU\TPU\prd\130361
035
|a
RU\TPU\prd\130355
090
|a
465773
100
|a
20120131a19242006k y0rusy50 ca
101
0
|a
rus
102
|a
RU
200
0
|a
№ 8-12
210
|d
1973
461
1
|0
(RuTPU)RU\TPU\prd\1027
|x
0023-110X
|t
Химическая промышленность
|o
научно-технический журнал
|f
Орган Министерства химической промышленности СССР
|v
№ 8-12
|d
1944-2006
801
0
|a
RU
|b
63413507
|c
20011210
|g
PSBO
801
2
|a
RU
|b
63413507
|c
20120131
|g
PSBO
942
|c
BK
999
|a
НТБ_ТПУ
|b
НФ
|e
-8/20120110
|p
П-1937
|u
0,00
|v
1
অনুরূপ উপাদানগুলি
№ 8; Химическая промышленность
প্রকাশিত: (1986)
№ 8; Химическая промышленность
প্রকাশিত: (1987)
№ 8; Химическая промышленность
প্রকাশিত: (1990)
№ 8; Химическая промышленность
প্রকাশিত: (1993)
№ 8; Химическая промышленность
প্রকাশিত: (1988)